<?xml version="1.0" encoding="UTF-8"?>
<record
    xmlns:xsi="http://www.w3.org/2001/XMLSchema-instance"
    xsi:schemaLocation="http://www.loc.gov/MARC21/slim http://www.loc.gov/standards/marcxml/schema/MARC21slim.xsd"
    xmlns="http://www.loc.gov/MARC21/slim">

  <leader>02264cam a22003018i 4500</leader>
  <controlfield tag="001">23938592</controlfield>
  <controlfield tag="005">20250115171438.0</controlfield>
  <controlfield tag="008">241203s2024    enk      b    001 0 eng  </controlfield>
  <datafield tag="010" ind1=" " ind2=" ">
    <subfield code="a">  2024042685</subfield>
  </datafield>
  <datafield tag="020" ind1=" " ind2=" ">
    <subfield code="a">9781398611627</subfield>
    <subfield code="q">(paperback)</subfield>
  </datafield>
  <datafield tag="020" ind1=" " ind2=" ">
    <subfield code="a">9781398611641</subfield>
    <subfield code="q">(hardback)</subfield>
  </datafield>
  <datafield tag="020" ind1=" " ind2=" ">
    <subfield code="z">9781398611634</subfield>
    <subfield code="q">(ebook)</subfield>
  </datafield>
  <datafield tag="040" ind1=" " ind2=" ">
    <subfield code="a">DLC</subfield>
    <subfield code="b">eng</subfield>
    <subfield code="e">rda</subfield>
    <subfield code="c">DLC</subfield>
  </datafield>
  <datafield tag="041" ind1=" " ind2=" ">
    <subfield code="a">eng</subfield>
  </datafield>
  <datafield tag="042" ind1=" " ind2=" ">
    <subfield code="a">pcc</subfield>
  </datafield>
  <datafield tag="050" ind1="0" ind2="0">
    <subfield code="a">HF5414</subfield>
    <subfield code="b">.B34 2024</subfield>
  </datafield>
  <datafield tag="100" ind1=" " ind2=" ">
    <subfield code="a">Bakare, Lola</subfield>
    <subfield code="e">author</subfield>
    <subfield code="9">24387</subfield>
  </datafield>
  <datafield tag="245" ind1="1" ind2="0">
    <subfield code="a">Responsible marketing </subfield>
    <subfield code="b">: how to create an authentic and inclusive marketing strategy </subfield>
    <subfield code="c">/ Lola Bakare.</subfield>
  </datafield>
  <datafield tag="260" ind1=" " ind2=" ">
    <subfield code="a">London, ;</subfield>
    <subfield code="a">New York, NY :</subfield>
    <subfield code="b">Kogan Page,</subfield>
    <subfield code="c">2024.</subfield>
  </datafield>
  <datafield tag="300" ind1=" " ind2=" ">
    <subfield code="a">xvi, 253 pages : illustrations (black and white) ; 24 cm.</subfield>
  </datafield>
  <datafield tag="504" ind1=" " ind2=" ">
    <subfield code="a">Includes bibliographical references and index.</subfield>
  </datafield>
  <datafield tag="505" ind1=" " ind2=" ">
    <subfield code="g">Make it inclusive: how responsible marketing works &#x2014; 
Make it authentic brand-relevant: social impact &#x2014; 
Make it known: eputation impact &#x2014; 
Make it count: commercial impact&#x2014; 
Solving real problems &#x2014;
Telling real stories &#x2014;
Creating real opportunities &#x2014;
Influencing real policies &#x2014;
Cultivating cultural literacy &#x2014;
Choosing cheerleader, champion, or catalyst &#x2014;
Earning stakeholder buy-in &#x2014;
Getting it wrong the right way &#x2014;
Marketing Index.</subfield>
  </datafield>
  <datafield tag="520" ind1=" " ind2=" ">
    <subfield code="a">Responsible Marketing takes readers through a forward-looking approach to inclusive marketing, offering a compelling blend of case studies, in-depth interviews, social impact marketing principles and inclusive leadership frameworks. Lola Bakare demystifies the relationship between today's marketing imperatives and the dynamic global cultural shifts that current and aspiring marketing leaders need to address. The book expands on the power of inclusivity, corporate responsibility and cultural awareness, helping marketing leaders determine how to make social impact outcomes an imperative across the entire marketing mix.

Responsible Marketing walks readers through building a responsible, inclusive marketing strategy that captivates consumers and delivers long-term growth for a company.</subfield>
  </datafield>
  <datafield tag="650" ind1=" " ind2="0">
    <subfield code="a">Branding (Marketing)</subfield>
    <subfield code="x">Social aspects</subfield>
    <subfield code="9">8758</subfield>
  </datafield>
  <datafield tag="650" ind1=" " ind2="0">
    <subfield code="a">Marketing</subfield>
    <subfield code="x">Social aspects</subfield>
    <subfield code="9">7447</subfield>
  </datafield>
  <datafield tag="650" ind1=" " ind2="0">
    <subfield code="a">Social responsibility of business</subfield>
    <subfield code="9">2683</subfield>
  </datafield>
  <datafield tag="942" ind1=" " ind2=" ">
    <subfield code="2">lcc</subfield>
  </datafield>
  <datafield tag="952" ind1=" " ind2=" ">
    <subfield code="0">0</subfield>
    <subfield code="1">0</subfield>
    <subfield code="2">lcc</subfield>
    <subfield code="4">0</subfield>
    <subfield code="7">0</subfield>
    <subfield code="a">TBS</subfield>
    <subfield code="b">TBS</subfield>
    <subfield code="d">2024-12-16</subfield>
    <subfield code="l">0</subfield>
    <subfield code="o">HF5414 BAK</subfield>
    <subfield code="p">B05989</subfield>
    <subfield code="r">2024-12-16</subfield>
    <subfield code="t">1</subfield>
    <subfield code="w">2024-12-16</subfield>
    <subfield code="y">1</subfield>
  </datafield>
  <datafield tag="999" ind1=" " ind2=" ">
    <subfield code="c">4434</subfield>
    <subfield code="d">4434</subfield>
  </datafield>
</record>
